00682nam a2200193Ia 4500008004100000020000700041082001900048100003700067245008100104250000800185260003800193300002900231500001900260600002000279650002000299942000700319952014500326999001700471240925s9999 xx 000 0 und d aNA a378.166205 KHA aKhan ,Tariq Ali; Arshad, Mehmood 0aFull Solved NTS Guide: GRE-GAT general (local) test with explanatory answers a1st aLahore:bDogar Publishersc,2008. axii,483p.bN.AfOriginal aIncludes Index aSocial Sciences aSocial Sciences cBK 001040708SSaUITUbUITUd2011-03-03eF.B.Cg870.00l1o378.166205 KHApQ8626q2025-11-04r2025-10-30 10:57:23s2025-10-30w2024-09-25yBK c11125d11125